Statistics for Countries That Are One Of The 100 Smallest Countries In Area But Have At Least 4 Borders

Click here to take the quiz!

General Stats

  • This quiz has been taken 63 times
  • The average score is 18 of 23

Answer Stats

BordersAnswer% Correct
8Serbia
96%
8Austria
95%
5Switzerland
89%
5Montenegro
89%
5Croatia
88%
5Macedonia
88%
4Kosovo
86%
4Slovenia
86%
7Hungary
86%
5Slovakia
81%
4Albania
77%
5Bulgaria
75%
4Rwanda
75%
4Lithuania
75%
4Belgium
74%
4Armenia
72%
4Czechia
70%
4Latvia
70%
4Georgia
70%
5Azerbaijan
65%
5Israel
61%
5Jordan
60%
4Guatemala
44%

Score Distribution

Percentile by Number Answered

Percent of People with Each Score

Your Score History

You have not taken this quiz